000 00404nam a2200181Ia 4500
001 24068
005 20260414151019.0
008 260414t1949||||xx |||||||||||||| ||spa||
041 _aESP
082 _a759.46
_bZ68
100 _aZervos, Christian
_eAUT
245 0 _aPicasso
_b
260 _c1949
300 _a24 páginas :
_c18 cm.
650 _aABD
654 _aCAU
942 _cLIB
_dJUS
_fJUS
_2ddc
_n
999 _c24068
_d24068